Yogayog kala (Record no. 9918)

MARC details
000 -LEADER
fixed length control field 00508cam a2200205ua 4500
008 - FIXED-LENGTH DATA ELEMENTS--GENERAL INFORMATION
fixed length control field 190730n ii |||gr||||Z||||||asm
020 ## - INTERNATIONAL STANDARD BOOK NUMBER
International Standard Book Number 8173394458
040 ## - CATALOGING SOURCE
Transcribing agency MAIN
041 ## - LANGUAGE CODE
-- asm
082 ## - DEWEY DECIMAL CLASSIFICATION NUMBER
Classification number 302.2
100 ## - MAIN ENTRY--PERSONAL NAME
Personal name Nirajana Mahanta Bezborah,
Relator term
245 ## - TITLE STATEMENT
Title Yogayog kala
Statement of responsibility, etc. By Nirajana Mahanta Bezborah
250 ## - EDITION STATEMENT
Edition statement 5th ed.
260 ## - PUBLICATION, DISTRIBUTION, ETC.
Place of publication, distribution, etc. Dibrugarh:
Name of publisher, distributor, etc. Banalata,
Date of publication, distribution, etc. 2019.
300 ## - PHYSICAL DESCRIPTION
Extent 150p.
942 ## - ADDED ENTRY ELEMENTS (KOHA)
Koha item type Books
653 ## - INDEX TERM--UNCONTROLLED
Uncontrolled term Social interaction
653 ## - INDEX TERM--UNCONTROLLED
Uncontrolled term Technical communication
Holdings
Withdrawn status Lost status Damaged status Not for loan Home library Current library Shelving location Date acquired Total Checkouts Full call number Barcode Date last seen Date last checked out Copy number Price effective from Koha item type
        Naharkatiya College Library Naharkatiya College Library General Stacks 19/09/2020 20 302.2Assamese language | BEZ 28071 13/11/2025 23/10/2025 1 19/09/2020 Books
        Naharkatiya College Library Naharkatiya College Library General Stacks 19/09/2020 16 302.2Assamese language | BEZ 28072 06/11/2025 23/10/2025 2 19/09/2020 Books
        Naharkatiya College Library Naharkatiya College Library General Stacks 19/09/2020 19 302.2Assamese language | BEZ 28073 16/10/2023 05/10/2023 3 19/09/2020 Books
        Naharkatiya College Library Naharkatiya College Library General Stacks 19/09/2020 3 302.2Assamese language | BEZ 28074 17/02/2021 04/02/2021 4 19/09/2020 Books
        Naharkatiya College Library Naharkatiya College Library General Stacks 19/09/2020 13 302.2Assamese language | BEZ 28075 13/11/2025 27/09/2025 5 19/09/2020 Books

Naharkatiya College © 2020. All rights reserved.

Powered By